[Event "SC-2015-0-00266"]
[Site "LSS email"]
[Date "2015.07.16"]
[Round "?"]
[White "Petersen, Hans"]
[Black "Loktaev, Val"]
[Result "1/2-1/2"]
[WhiteElo "1726"]
[BlackElo "1776"]
[PlyCount "79"]
[EventDate "2015.06.14"]
[EventType "tourn (corr)"]
[EventRounds "6"]
[EventCountry "GER"]
[SourceTitle "Corr 2022"]
[Source "ChessBase"]
[SourceDate "2021.10.24"]
[SourceVersion "1"]
[SourceVersionDate "2021.10.24"]
[SourceQuality "1"]

1. d4 Nf6 2. c4 e6 3. Nc3 d5 4. cxd5 exd5 5. Bg5 Be7 6. e3 0-0 7. Bd3 Bg4 8. Nge2 Nbd7 9. f3 Bh5 10. Nf4 Bg6 11. Bxg6 hxg6 12. Qb3 Rb8 13. Bxf6 Nxf6 14. Nfxd5 Nxd5 15. Nxd5 Bd6 16. 0-0 c6 17. Nc3 Qh4 18. h3 Rfe8 19. Ne4 Bc7 20. Rac1 Re7 21. Rfd1 Kh7 22. Rd3 Rbe8 23. Nf2 Bf4 24. Re1 Qg3 25. e4 Qh2+ 26. Kf1 Bg3 27. Qc4 a6 28. a4 Rd7 29. Rde3 Bf4 30. R3e2 f6 31. e5 f5 32. e6 Rde7 33. d5 cxd5 34. Qxd5 Bb8 35. Re3 Qc7 36. Rc3 Qb6 37. Rb3 Qc7 38. Rbe3 Ba7 39. R3e2 Rd8 40. Qe5 1/2-1/2

[Event "SC-2015-0-00266"]
[Site "LSS email"]
[Date "2015.07.13"]
[Round "?"]
[White "Schulz, Hans Juergen"]
[Black "Petersen, Hans"]
[Result "1-0"]
[WhiteElo "1708"]
[BlackElo "1726"]
[PlyCount "99"]
[EventDate "2015.06.14"]
[EventType "tourn (corr)"]
[EventRounds "6"]
[EventCountry "GER"]
[SourceTitle "Corr 2022"]
[Source "ChessBase"]
[SourceDate "2021.10.24"]
[SourceVersion "1"]
[SourceVersionDate "2021.10.24"]
[SourceQuality "1"]

1. e4 e5 2. Nf3 Nc6 3. Bb5 a6 4. Ba4 Nf6 5. 0-0 Nxe4 6. d4 b5 7. Bb3 d5 8. dxe5 Be6 9. Nbd2 Nc5 10. c3 Bg4 11. Bc2 Qd7 12. Re1 Ne6 13. Nf1 0-0-0 14. h3 Bh5 15. Ng3 Bxf3 16. Qxf3 g6 17. Qe2 d4 18. Rd1 Bg7 19. f4 Qd5 20. Qf2 Qc5 21. Ne4 Qb6 22. cxd4 Ncxd4 23. Be3 Qc6 24. Bd3 Nf5 25. Rac1 Qa8 26. Nc5 Nxe3 27. Nxe6 fxe6 28. Qxe3 Qb7 29. Rf1 Kd7 30. Kh1 Qb6 31. Qg3 Kc8 32. Be4 Rd4 33. Rc6 Qa7 34. Qf3 Rhd8 35. Rxe6 Kb8 36. g4 Rd2 37. b3 Rxa2 38. Rd1 Rc8 39. f5 Bh6 40. f6 Bf8 41. Rc6 Bc5 42. Qd3 Bb4 43. Qd5 Rf2 44. Rdc1 Ba5 45. f7 Rd2 46. Rxc7 Bxc7 47. Qxd2 Rd8 48. Rd1 Qc5 49. Qxd8+ Bxd8 50. Rxd8+ 1-0

[Event "BI-2015-P-0000"]
[Site "LSS email"]
[Date "2015.04.16"]
[Round "?"]
[White "Grabowski, Benedykt"]
[Black "Petersen, Hans"]
[Result "1/2-1/2"]
[WhiteElo "1891"]
[BlackElo "1721"]
[PlyCount "93"]
[EventDate "2015.04.22"]
[EventType "tourn (corr)"]
[EventRounds "10"]
[EventCountry "GER"]
[SourceTitle "Corr 2022"]
[Source "ChessBase"]
[SourceDate "2021.10.24"]
[SourceVersion "1"]
[SourceVersionDate "2021.10.24"]
[SourceQuality "1"]

1. e4 e5 2. Nf3 Nc6 3. Bb5 a6 4. Ba4 Nf6 5. 0-0 Be7 6. Re1 b5 7. Bb3 0-0 8. a4 Bb7 9. Nc3 Nd4 10. Nxd4 exd4 11. Nd5 Nxd5 12. Bxd5 Bxd5 13. exd5 c6 14. axb5 cxb5 15. d3 Bd6 16. Qg4 Qc7 17. g3 h5 18. Qxd4 Qxc2 19. b4 Rfe8 20. Rxe8+ Rxe8 21. Bg5 Qc8 22. Rc1 Qb7 23. Bd2 f6 24. h4 Kf7 25. Kh2 Re2 26. Be3 Qb8 27. Kg1 f5 28. Kf1 Ra2 29. Re1 Kg6 30. Qc3 f4 31. gxf4 Qf8 32. Qd4 Qf5 33. Qe4 a5 34. bxa5 Ra4 35. Qe8+ Kh7 36. a6 Bxf4 37. Bxf4 Rxf4 38. Re3 Rxf2+ 39. Ke1 Ra2 40. Qe4 Qxe4 41. dxe4 Rxa6 42. e5 Kg6 43. e6 dxe6 44. dxe6 Ra8 45. Re5 Rb8 46. Kd2 b4 47. Kc2 1/2-1/2

[Event "BI-2015-P-0000"]
[Site "LSS email"]
[Date "2015.04.16"]
[Round "?"]
[White "Petersen, Hans"]
[Black "Pelekis, George"]
[Result "1/2-1/2"]
[WhiteElo "1721"]
[BlackElo "1955"]
[PlyCount "76"]
[EventDate "2015.04.22"]
[EventType "tourn (corr)"]
[EventRounds "10"]
[EventCountry "GER"]
[SourceTitle "Corr 2022"]
[Source "ChessBase"]
[SourceDate "2021.10.24"]
[SourceVersion "1"]
[SourceVersionDate "2021.10.24"]
[SourceQuality "1"]

1. d4 g6 2. c4 Bg7 3. Nc3 c5 4. d5 Bxc3+ 5. bxc3 f5 6. e4 fxe4 7. f3 Nf6 8. fxe4 d6 9. Qc2 Nbd7 10. Nf3 Ng4 11. Be2 0-0 12. 0-0 Nde5 13. h3 Nxf3+ 14. Rxf3 Rxf3 15. Bxf3 Ne5 16. Be2 Qf8 17. Be3 Qg7 18. Rf1 Bd7 19. Qc1 Nf7 20. Bd2 Rf8 21. Qe1 Ne5 22. Qh4 Rxf1+ 23. Bxf1 g5 24. Qxg5 Qxg5 25. Bxg5 Kf7 26. Kf2 b6 27. g4 Ba4 28. Ke3 Bc2 29. Bf4 Kf6 30. g5+ Kg6 31. Be2 Bb1 32. a3 Ba2 33. Bxe5 dxe5 34. h4 h6 35. gxh6 Kxh6 36. Kd2 Bb1 37. Ke3 Ba2 38. Kf2 Bb1 1/2-1/2

[Event "BI-2015-P-0000"]
[Site "LSS email"]
[Date "2015.04.16"]
[Round "?"]
[White "Petersen, Hans"]
[Black "Zimmermann, Matthias"]
[Result "1/2-1/2"]
[WhiteElo "1721"]
[BlackElo "1836"]
[PlyCount "56"]
[EventDate "2015.04.22"]
[EventType "tourn (corr)"]
[EventRounds "10"]
[EventCountry "GER"]
[SourceTitle "Corr 2022"]
[Source "ChessBase"]
[SourceDate "2021.10.24"]
[SourceVersion "1"]
[SourceVersionDate "2021.10.24"]
[SourceQuality "1"]

1. d4 Nf6 2. c4 c5 3. d5 b5 4. cxb5 a6 5. bxa6 g6 6. Nc3 Bxa6 7. e4 Bxf1 8. Kxf1 d6 9. g3 Bg7 10. Kg2 0-0 11. Nf3 Nbd7 12. Re1 Qc7 13. Bg5 h6 14. Bd2 Qb7 15. a4 c4 16. Qe2 Rfc8 17. Be3 Ng4 18. Bd4 Bxd4 19. Nxd4 Nge5 20. Reb1 Nc5 21. a5 Kh7 22. f4 Ned3 23. f5 Nb3 24. Nxb3 Qxb3 25. Ra3 Qb4 26. Ra4 Qb3 27. Ra2 Rcb8 28. Qd2 g5 1/2-1/2

[Event "BI-2015-F-0000"]
[Site "LSS email"]
[Date "2015.02.12"]
[Round "?"]
[White "Kushnaryov, Andrey"]
[Black "Petersen, Hans"]
[Result "1-0"]
[WhiteElo "2097"]
[BlackElo "1699"]
[PlyCount "105"]
[EventDate "2015.02.11"]
[EventType "tourn (corr)"]
[EventRounds "10"]
[EventCountry "GER"]
[SourceTitle "Corr 2022"]
[Source "ChessBase"]
[SourceDate "2021.10.24"]
[SourceVersion "1"]
[SourceVersionDate "2021.10.24"]
[SourceQuality "1"]

1. Nf3 Nf6 2. c4 e6 3. Nc3 d5 4. d4 Be7 5. Bf4 0-0 6. e3 Nbd7 7. c5 c6 8. h3 b6 9. b4 a5 10. a3 Bb7 11. Bd3 Qc8 12. 0-0 Ba6 13. Qc2 Bxd3 14. Qxd3 Qb7 15. Rfb1 axb4 16. axb4 Rxa1 17. Rxa1 Ra8 18. Qb1 bxc5 19. bxc5 Qxb1+ 20. Rxb1 Kf8 21. Rb2 Bd8 22. g4 Ke8 23. Na2 Ba5 24. Be5 Ra7 25. g5 Nh5 26. Bb8 Ra8 27. Bd6 f6 28. Nc1 Bd8 29. Nd3 Ra1+ 30. Kh2 Ra7 31. Rb3 Bc7 32. Bxc7 Rxc7 33. Ra3 Nb8 34. Ra8 Rb7 35. h4 Kd7 36. Kh3 Kc8 37. Kg4 Rb3 38. Kxh5 Rxd3 39. gxf6 gxf6 40. Ra1 Rb3 41. Kh6 Rb2 42. Rf1 e5 43. h5 Rb7 44. Rg1 Nd7 45. Kxh7 e4 46. Nh4 Nxc5+ 47. Rg7 Nd7 48. h6 c5 49. Kg8 c4 50. Kf7 Kc7 51. h7 Rb8 52. Ke6 c3 53. Rxd7+ 1-0

[Event "BI-2015-F-0000"]
[Site "LSS email"]
[Date "2015.02.12"]
[Round "?"]
[White "Salonen, Jukka"]
[Black "Petersen, Hans"]
[Result "1-0"]
[WhiteElo "1968"]
[BlackElo "1699"]
[PlyCount "141"]
[EventDate "2015.02.11"]
[EventType "tourn (corr)"]
[EventRounds "10"]
[EventCountry "GER"]
[SourceTitle "Corr 2022"]
[Source "ChessBase"]
[SourceDate "2021.10.24"]
[SourceVersion "1"]
[SourceVersionDate "2021.10.24"]
[SourceQuality "1"]

1. d4 d5 2. Nf3 Nf6 3. c4 c6 4. Nc3 e6 5. Bg5 Nbd7 6. e3 Qa5 7. Nd2 Bb4 8. Qc2 0-0 9. Be2 c5 10. 0-0 cxd4 11. Nb3 Qb6 12. exd4 dxc4 13. Bxc4 Qc7 14. Nb5 Qc6 15. a3 Be7 16. Bf4 b6 17. Rfc1 a6 18. Nc7 Bb7 19. f3 Rac8 20. Bd3 Qa4 21. Qc4 Qxc4 22. Rxc4 b5 23. Rc2 Nd5 24. Be4 N7f6 25. Rac1 Nxe4 26. Nxd5 exd5 27. fxe4 dxe4 28. Rc7 Rxc7 29. Rxc7 Bd5 30. Rxe7 Bxb3 31. Ra7 h6 32. Rxa6 Rd8 33. Be3 Rb8 34. h4 b4 35. a4 Rc8 36. a5 Rc2 37. Rd6 Rxb2 38. a6 Ra2 39. d5 Bxd5 40. Rxd5 Rxa6 41. Rb5 Ra1+ 42. Kf2 Rb1 43. Bd4 b3 44. Ke2 f6 45. h5 Rh1 46. g3 Kh7 47. Ke3 b2 48. Bxb2 Rg1 49. Kf2 Rd1 50. g4 Rd3 51. Bc1 Rf3+ 52. Kg2 Kg8 53. Rb8+ Kh7 54. Rf8 Rc3 55. Bf4 Rc2+ 56. Kg3 Rc3+ 57. Kh2 Rc2+ 58. Kh3 g5 59. Bd6 Kg7 60. Re8 Rc6 61. Re7+ Kg8 62. Bg3 Rc4 63. Kg2 Rd4 64. Be1 Rc4 65. Kg3 Kf8 66. Rb7 Rc2 67. Rb3 Kf7 68. Bc3 e3 69. Rb7+ Ke6 70. Rb6+ Kf7 71. Rxf6+ 1-0

[Event "OP-2015-0-03617"]
[Site "LSS email"]
[Date "2015.01.11"]
[Round "?"]
[White "Drobotov, Gennady Sergeevich"]
[Black "Petersen, Hans"]
[Result "0-1"]
[WhiteElo "1561"]
[BlackElo "1702"]
[PlyCount "116"]
[EventDate "2015.01.07"]
[EventType "tourn (corr)"]
[EventRounds "4"]
[EventCountry "GER"]
[SourceTitle "Corr 2022"]
[Source "ChessBase"]
[SourceDate "2021.10.24"]
[SourceVersion "1"]
[SourceVersionDate "2021.10.24"]
[SourceQuality "1"]

1. d4 d5 2. Nc3 Nf6 3. Bf4 e6 4. e3 Bb4 5. Bd3 c5 6. dxc5 Nbd7 7. Nf3 Bxc3+ 8. bxc3 Nxc5 9. 0-0 0-0 10. Nd2 b6 11. Nb3 Nxd3 12. cxd3 Ba6 13. Nc1 Qc8 14. Qd2 Re8 15. a4 e5 16. Bg3 e4 17. a5 exd3 18. f3 Nd7 19. axb6 Nxb6 20. Re1 Qc4 21. Rd1 Na4 22. Nxd3 Nxc3 23. Nb2 Qc8 24. Re1 Re6 25. Kh1 Bb7 26. h3 Rc6 27. Nd3 Nb5 28. Qb4 a6 29. Rec1 Rc4 30. Qe7 f6 31. e4 Bc6 32. exd5 Bxd5 33. Rxc4 Bxc4 34. Nc5 Ra7 35. Qe4 Bf7 36. Bf2 h6 37. Kg1 Ra8 38. Ra5 Nd6 39. Qa4 Bc4 40. Bg3 Bb5 41. Qd4 Nf7 42. Bf2 Qc6 43. Qa1 Ne5 44. Qd4 Re8 45. Ra1 Qc8 46. Rd1 Be2 47. Qd5+ Kh8 48. Re1 Bc4 49. Qd2 Bb5 50. f4 Ng6 51. Rxe8+ Qxe8 52. f5 Ne5 53. Bd4 Bc4 54. Qe3 Kh7 55. Qe4 Qb5 56. Bxe5 Qxc5+ 57. Bd4 Qb4 58. Kh2 Qd6+ 0-1

[Event "OP-2015-0-03617"]
[Site "LSS email"]
[Date "2015.01.11"]
[Round "?"]
[White "Heiser, Jerome"]
[Black "Petersen, Hans"]
[Result "0-1"]
[WhiteElo "630"]
[BlackElo "1702"]
[PlyCount "60"]
[EventDate "2015.01.07"]
[EventType "tourn (corr)"]
[EventRounds "4"]
[EventCountry "GER"]
[SourceTitle "Corr 2022"]
[Source "ChessBase"]
[SourceDate "2021.10.24"]
[SourceVersion "1"]
[SourceVersionDate "2021.10.24"]
[SourceQuality "1"]

1. e4 e5 2. Nf3 Nc6 3. d4 exd4 4. Nxd4 Nf6 5. Nxc6 bxc6 6. Bd3 d5 7. 0-0 dxe4 8. Re1 Be6 9. Ba6 Qxd1 10. Rxd1 Rb8 11. Be3 Rxb2 12. c4 Bd6 13. Nd2 Ng4 14. Bxa7 Bxh2+ 15. Kf1 f5 16. a3 Kf7 17. Rab1 Rxb1 18. Rxb1 Ra8 19. Rb7 Bc8 20. Rxc7+ Bxc7 21. Bxc8 Rxc8 22. c5 Rd8 23. Ke2 Bf4 24. Nc4 Rd4 25. Nd6+ Ke6 26. g3 Rd2+ 27. Ke1 Nxf2 28. Nc4 Nd3+ 29. Kf1 Rf2+ 30. Kg1 e3 0-1

[Event "CP-2014-P-00001"]
[Site "LSS email"]
[Date "2014.09.30"]
[Round "?"]
[White "Petersen, Hans"]
[Black "Kudela, Pavel"]
[Result "1-0"]
[WhiteElo "1683"]
[BlackElo "1492"]
[PlyCount "35"]
[EventDate "2014.10.01"]
[EventType "tourn (corr)"]
[EventRounds "6"]
[EventCountry "GER"]
[SourceTitle "Corr 2022"]
[Source "ChessBase"]
[SourceDate "2021.10.24"]
[SourceVersion "1"]
[SourceVersionDate "2021.10.24"]
[SourceQuality "1"]

1. d4 d5 2. c4 c6 3. Nf3 Nf6 4. e3 Bg4 5. h3 Bh5 6. Nc3 e6 7. g4 Nxg4 8. hxg4 Bxg4 9. cxd5 exd5 10. Be2 Nd7 11. e4 Bb4 12. Ng5 Be6 13. Nxe6 fxe6 14. Bh5+ g6 15. Bxg6+ Kf8 16. Bh6+ Ke7 17. Bg5+ Nf6 18. Bxf6+ 1-0

[Event "BI-2014-P-0001"]
[Site "LSS email"]
[Date "2014.04.19"]
[Round "?"]
[White "Malyszek, Tomasz"]
[Black "Petersen, Hans"]
[Result "0-1"]
[WhiteElo "950"]
[BlackElo "1646"]
[PlyCount "32"]
[EventDate "2014.04.25"]
[EventType "tourn (corr)"]
[EventRounds "10"]
[EventCountry "GER"]
[SourceTitle "Corr 2015"]
[Source "ChessBase"]
[SourceDate "2015.07.17"]
[SourceVersion "1"]
[SourceVersionDate "2015.07.17"]
[SourceQuality "1"]

1. e4 e5 2. Nf3 Nc6 3. Bc4 Nf6 4. Nc3 Nxe4 5. Bxf7+ Kxf7 6. Nxe4 d5 7. Ng3 e4 8. Ng1 h5 9. Nxh5 Qh4 10. Ng3 Bg4 11. N1e2 Re8 12. h3 Bc5 13. c3 Ne5 14. 0-0 Nf3+ 15. Kh1 Qxh3+ 16. gxh3 Rxh3+ 0-1

[Event "BI-2014-P-0001"]
[Site "LSS email"]
[Date "2014.04.19"]
[Round "?"]
[White "Petersen, Hans"]
[Black "Olivas Montiel, Carlos Fernando"]
[Result "1/2-1/2"]
[WhiteElo "1646"]
[BlackElo "2037"]
[PlyCount "109"]
[EventDate "2014.04.25"]
[EventType "tourn (corr)"]
[EventRounds "10"]
[EventCountry "GER"]
[SourceTitle "Corr 2015"]
[Source "ChessBase"]
[SourceDate "2015.07.17"]
[SourceVersion "1"]
[SourceVersionDate "2015.07.17"]
[SourceQuality "1"]

1. d4 Nf6 2. c4 e6 3. Nc3 Bb4 4. Qc2 0-0 5. a3 Bxc3+ 6. Qxc3 b6 7. Bg5 Bb7 8. f3 d5 9. e3 Re8 10. Nh3 Nbd7 11. Bd3 h6 12. Bxf6 Qxf6 13. cxd5 exd5 14. 0-0 c5 15. Bb5 Bc6 16. Bxc6 Qxc6 17. Rac1 c4 18. Rfe1 b5 19. Qc2 a5 20. e4 dxe4 21. fxe4 Qb6 22. Qf2 Rad8 23. Rcd1 Re7 24. Kh1 Nf6 25. e5 Nd5 26. Nf4 Nxf4 27. Qxf4 Red7 28. Re4 b4 29. axb4 axb4 30. Qe3 Qe6 31. Qe1 Qf5 32. Qe3 Rc8 33. Rf4 Qe6 34. h3 c3 35. bxc3 Rxc3 36. Qe4 Qd5 37. Qxd5 Rxd5 38. Rf2 b3 39. Kh2 h5 40. Ra1 Rb5 41. Rd2 Re3 42. Rc1 Kf8 43. Kg1 b2 44. Rb1 Reb3 45. d5 h4 46. d6 Ke8 47. Rc2 Rb7 48. Rf2 R7b6 49. Kh2 f6 50. exf6 gxf6 51. Rd2 Kd7 52. Kg1 R3b4 53. Kf2 R6b5 54. Ke3 Rb3+ 55. Kf4 1/2-1/2

[Event "BI-2014-P-0001"]
[Site "LSS email"]
[Date "2014.04.19"]
[Round "?"]
[White "Petersen, Hans"]
[Black "Prozorovskij, Vyacheslav Grigorie"]
[Result "0-1"]
[WhiteElo "1646"]
[BlackElo "1618"]
[PlyCount "122"]
[EventDate "2014.04.25"]
[EventType "tourn (corr)"]
[EventRounds "10"]
[EventCountry "GER"]
[SourceTitle "Corr 2015"]
[Source "ChessBase"]
[SourceDate "2015.07.17"]
[SourceVersion "1"]
[SourceVersionDate "2015.07.17"]
[SourceQuality "1"]

1. d4 Nf6 2. c4 e6 3. Nc3 d5 4. cxd5 exd5 5. Bg5 Be7 6. e3 0-0 7. Bd3 h6 8. Bh4 c6 9. Qc2 Nbd7 10. Nf3 Re8 11. 0-0 Ne4 12. Bxe7 Qxe7 13. Rab1 Ndf6 14. Ne5 Bf5 15. Na4 Bh7 16. b4 Nd6 17. Bxh7+ Nxh7 18. Nc5 f6 19. Ng6 Qf7 20. Rfc1 Nc4 21. Qf5 b6 22. Na4 Rac8 23. Nc3 Nf8 24. Nf4 g6 25. Qd3 g5 26. Nfe2 f5 27. a4 Ng6 28. a5 b5 29. Re1 Re6 30. Kh1 Rce8 31. g3 f4 32. exf4 gxf4 33. Rg1 Kh8 34. Rbf1 fxg3 35. Rxg3 Nh4 36. Rfg1 Rf8 37. Rg7 Qxg7 38. Rxg7 Kxg7 39. Qh3 Nf5 40. Nf4 Re1+ 41. Kg2 Kh7 42. Qh5 Rg8+ 43. Kh3 Ncd6 44. Nfe2 Rg5 45. Qf3 h5 46. Ng3 h4 47. Nxf5 Rxf5 48. Qd3 Kg7 49. f3 Re7 50. Ne2 Rf6 51. Ng1 Nc4 52. Qf1 Ne3 53. Qc1 a6 54. Qc5 Ref7 55. Qc1 Re6 56. Qc3 Kh8 57. Qc1 Kg8 58. Qd2 Rg7 59. Qc1 Rg2 60. Qe1 Rxh2+ 61. Kxh2 Ng4+ 0-1

[Event "SD-2014-0-00188"]
[Site "LSS email"]
[Date "2014.02.15"]
[Round "?"]
[White "Petersen, Hans"]
[Black "Dlugolecki, Grzegorz"]
[Result "1/2-1/2"]
[WhiteElo "1597"]
[BlackElo "1647"]
[PlyCount "90"]
[EventDate "2014.01.14"]
[EventType "tourn (corr)"]
[EventRounds "6"]
[EventCountry "GER"]
[SourceTitle "Corr 2022"]
[Source "ChessBase"]
[SourceDate "2021.10.24"]
[SourceVersion "1"]
[SourceVersionDate "2021.10.24"]
[SourceQuality "1"]

1. d4 d5 2. c4 dxc4 3. e4 e5 4. Nf3 exd4 5. Bxc4 Bb4+ 6. Nbd2 Nc6 7. 0-0 Nf6 8. e5 Nd5 9. Nb3 Nb6 10. Bb5 Bd7 11. Qe2 0-0 12. Rd1 Qc8 13. Bg5 Re8 14. Nbxd4 Nxd4 15. Rxd4 Bc5 16. Rf4 Bxb5 17. Qxb5 Bf8 18. Qd3 Qe6 19. Rh4 Qg6 20. Qxg6 fxg6 21. Rg4 Nd7 22. Re1 Nc5 23. Bh4 Re6 24. Re2 h6 25. Rd4 g5 26. Bg3 Ree8 27. h3 Ne6 28. Rd7 Rad8 29. Red2 Rxd7 30. Rxd7 Bc5 31. Kf1 Rd8 32. Rxd8+ Nxd8 33. Ke2 Kf7 34. Kd3 Ne6 35. Nd2 Bb6 36. Nc4 Nc5+ 37. Kd4 Ke6 38. Nxb6 axb6 39. f3 Na4 40. b3 Nc5 41. h4 gxh4 42. Bxh4 g5 43. Bg3 h5 44. b4 Nd7 45. Ke4 h4 1/2-1/2

[Event "OP-2014-0-03285"]
[Site "LSS email"]
[Date "2014.02.10"]
[Round "?"]
[White "Petersen, Hans"]
[Black "Nilsson, Bjoern"]
[Result "1-0"]
[WhiteElo "1560"]
[BlackElo "495"]
[PlyCount "43"]
[EventDate "2014.02.06"]
[EventType "tourn (corr)"]
[EventRounds "4"]
[EventCountry "GER"]
[SourceTitle "Telechess CBM 167"]
[Source "ChessBase"]
[SourceDate "2015.07.13"]
[SourceVersion "1"]
[SourceVersionDate "2015.07.13"]
[SourceQuality "1"]

1. d4 d5 2. c4 c6 3. Nc3 Nf6 4. Nf3 h6 5. e3 g6 6. Bd3 e6 7. 0-0 g5 8. Ne5 Bd6 9. f4 g4 10. Nxg4 Nh7 11. cxd5 cxd5 12. e4 Nc6 13. e5 Be7 14. Nxh6 Bf8 15. Qh5 Qe7 16. Nxf7 Qxf7 17. Bg6 Nf6 18. Bxf7+ Ke7 19. exf6+ Kd6 20. Nb5+ Kd7 21. Qxh8 Bd6 22. Qe8# 1-0

[Event "OP-2014-0-03285"]
[Site "LSS email"]
[Date "2014.02.10"]
[Round "?"]
[White "Schalkwijk, Peter H"]
[Black "Petersen, Hans"]
[Result "1/2-1/2"]
[WhiteElo "1482"]
[BlackElo "1560"]
[PlyCount "74"]
[EventDate "2014.02.06"]
[EventType "tourn (corr)"]
[EventRounds "4"]
[EventCountry "GER"]
[SourceTitle "Telechess CBM 167"]
[Source "ChessBase"]
[SourceDate "2015.07.13"]
[SourceVersion "1"]
[SourceVersionDate "2015.07.13"]
[SourceQuality "1"]

1. d4 d5 2. Nf3 Nf6 3. e3 c6 4. c4 e6 5. cxd5 exd5 6. Bd3 Bd6 7. 0-0 0-0 8. b3 Bg4 9. Ba3 Bxa3 10. Nxa3 Qe7 11. Nb1 Nbd7 12. Nbd2 Ne4 13. Qc2 Bxf3 14. Nxf3 a5 15. Bxe4 dxe4 16. Nd2 Rfe8 17. Rfd1 Nf6 18. Rac1 Nd5 19. a3 Qh4 20. Nc4 Re6 21. h3 Rg6 22. Ne5 Rg5 23. Kh1 Rh5 24. Qd2 Qe7 25. Qe2 g6 26. Nc4 Qe6 27. Re1 f5 28. Nd2 Rh4 29. Kg1 Rf8 30. f3 f4 31. Nxe4 fxe3 32. Rc5 Rxe4 33. fxe4 Qxe4 34. Qg4 Qxg4 35. hxg4 Ra8 36. g3 Kf7 37. Kg2 Ke6 1/2-1/2

[Event "SD-2014-0-00187"]
[Site "LSS email"]
[Date "2014.02.09"]
[Round "?"]
[White "Wilshusen, Horst"]
[Black "Petersen, Hans"]
[Result "0-1"]
[WhiteElo "1324"]
[BlackElo "1626"]
[PlyCount "79"]
[EventDate "2014.01.02"]
[EventType "tourn (corr)"]
[EventRounds "6"]
[EventCountry "GER"]
[SourceTitle "Telechess CBM 167"]
[Source "ChessBase"]
[SourceDate "2015.07.13"]
[SourceVersion "1"]
[SourceVersionDate "2015.07.13"]
[SourceQuality "1"]

1. e4 e5 2. Nc3 Nc6 3. Nf3 Nf6 4. Bb5 Bb4 5. 0-0 0-0 6. d3 d6 7. Bg5 Bxc3 8. bxc3 Bd7 9. d4 a6 10. Be2 Qe7 11. d5 Na5 12. Nd2 h6 13. Bh4 g5 14. Bg3 b6 15. f3 Nh5 16. Bd3 Nxg3 17. hxg3 Nb7 18. f4 gxf4 19. gxf4 Qf6 20. f5 Kh7 21. Qf3 Qg5 22. Rf2 Rg8 23. Qh3 f6 24. Kh2 Nc5 25. Nf3 Qe3 26. Raf1 Nxe4 27. Bxe4 Qf4+ 28. g3 Qxe4 29. Nh4 Qxd5 30. g4 Qxa2 31. Rg1 Qc4 32. Ng6 Qc5 33. Rd2 Kg7 34. Re1 Be8 35. Nf4 exf4 36. Re7+ Kf8 37. Qxh6+ Kxe7 38. Re2+ Kd7 39. Qh7+ Bf7 40. Qxf7+ 0-1

[Event "SD-2014-0-00187"]
[Site "LSS email"]
[Date "2014.02.08"]
[Round "?"]
[White "Celan, Melissa"]
[Black "Petersen, Hans"]
[Result "1/2-1/2"]
[WhiteElo "1719"]
[BlackElo "1626"]
[PlyCount "135"]
[EventDate "2014.01.02"]
[EventType "tourn (corr)"]
[EventRounds "6"]
[EventCountry "GER"]
[SourceTitle "Telechess CBM 167"]
[Source "ChessBase"]
[SourceDate "2015.07.13"]
[SourceVersion "1"]
[SourceVersionDate "2015.07.13"]
[SourceQuality "1"]

1. d4 d5 2. c3 Nf6 3. Bg5 c6 4. Nf3 Bf5 5. Nbd2 Qb6 6. Bxf6 exf6 7. Nh4 Bg4 8. Qc2 Nd7 9. a4 g6 10. h3 Be6 11. a5 Qc7 12. e3 Be7 13. Bd3 0-0 14. Nhf3 b6 15. 0-0 f5 16. Rfc1 bxa5 17. Nb3 c5 18. dxc5 Nxc5 19. Nxa5 Rfc8 20. b4 Ne4 21. Nd4 Qd6 22. Qb2 Bd7 23. Nab3 Bd8 24. Bxe4 fxe4 25. Nc5 Bc6 26. b5 Rab8 27. Na6 Rb6 28. Qb4 Be8 29. Qxd6 Rxd6 30. Nb4 Rc5 31. Rxa7 Bxb5 32. Rca1 Bc4 33. Ra8 Kg7 34. R1a7 Bb6 35. Rb7 Rc7 36. Rxc7 Bxc7 37. Ndc6 Kf6 38. g3 h5 39. Kg2 Rd7 40. Ra7 Ke6 41. Rb7 Bd6 42. Nd4+ Ke7 43. Nbc6+ Ke8 44. Rb6 f6 45. Rb2 g5 46. Nf5 Bf8 47. h4 g4 48. Rb8+ Kf7 49. Nfd4 Bd6 50. Rh8 Kg6 51. Nd8 Kg7 52. Re8 Kh7 53. N8c6 Kg6 54. Ra8 Rb7 55. Na5 Rc7 56. Nac6 Bc5 57. Rg8+ Kh7 58. Rd8 Bxd4 59. Nxd4 Ra7 60. Rd6 Ra6 61. Rxa6 Bxa6 62. Ne6 Kh6 63. Nf4 Bc4 64. Kg1 Kh7 65. Nxh5 Kg6 66. Nf4+ Kf7 67. Kh2 f5 68. Kg2 1/2-1/2

[Event "WC-2014-P-00022"]
[Site "LSS email"]
[Date "2014.02.03"]
[Round "?"]
[White "Davydov, Andrej"]
[Black "Petersen, Hans"]
[Result "1-0"]
[WhiteElo "1949"]
[BlackElo "1589"]
[PlyCount "123"]
[EventDate "2014.02.10"]
[EventType "tourn (corr)"]
[EventRounds "12"]
[EventCountry "GER"]
[SourceTitle "Corr 2022"]
[Source "ChessBase"]
[SourceDate "2021.10.24"]
[SourceVersion "1"]
[SourceVersionDate "2021.10.24"]
[SourceQuality "1"]

1. d4 d5 2. c4 c6 3. Nf3 Nf6 4. e3 e6 5. Nc3 a6 6. b3 Bb4 7. Bd2 Nbd7 8. Bd3 0-0 9. 0-0 Bd6 10. Qc2 e5 11. cxd5 cxd5 12. e4 exd4 13. Nxd5 Nxd5 14. exd5 Nf6 15. h3 Bd7 16. Rad1 Rc8 17. Qb2 Qb6 18. Qxd4 Qxd4 19. Nxd4 Bc5 20. Nf3 Nxd5 21. Be4 Bc6 22. Ne5 Rce8 23. Bxd5 Rxe5 24. Bxc6 bxc6 25. Rfe1 Rd5 26. Bf4 Bb4 27. Rxd5 cxd5 28. Rd1 Rd8 29. Kf1 f6 30. Ke2 Kf7 31. Rd4 Bc5 32. Ra4 Re8+ 33. Kd3 Bxf2 34. Rxa6 Re1 35. Rc6 g5 36. Bc1 Bg3 37. a4 Rd1+ 38. Ke2 Rg1 39. Kf3 Be5 40. a5 Rf1+ 41. Ke2 Rg1 42. Kf2 Bd4+ 43. Kf3 h5 44. Rc2 Ke6 45. b4 Kd6 46. b5 Rf1+ 47. Ke2 Rf2+ 48. Kd3 Rxc2 49. Kxc2 h4 50. Kd3 Be5 51. a6 Kc7 52. Be3 f5 53. b6+ Kc6 54. a7 Kb7 55. Bxg5 Bg3 56. Kd4 Bf2+ 57. Be3 Bg3 58. Kxd5 Be1 59. Bd4 Bg3 60. Be5 Bf2 61. a8Q+ Kxa8 62. Kc6 1-0

[Event "WC-2014-P-00022"]
[Site "LSS email"]
[Date "2014.02.03"]
[Round "?"]
[White "Petersen, Hans"]
[Black "Bichik, Aleksandr"]
[Result "0-1"]
[WhiteElo "1589"]
[BlackElo "2118"]
[PlyCount "114"]
[EventDate "2014.02.10"]
[EventType "tourn (corr)"]
[EventRounds "12"]
[EventCountry "GER"]
[SourceTitle "Corr 2022"]
[Source "ChessBase"]
[SourceDate "2021.10.24"]
[SourceVersion "1"]
[SourceVersionDate "2021.10.24"]
[SourceQuality "1"]

1. d4 Nf6 2. c4 e6 3. Nc3 d5 4. Nf3 c6 5. e3 Nbd7 6. Bd3 dxc4 7. Bxc4 b5 8. Bd3 a6 9. e4 c5 10. e5 cxd4 11. Nxb5 axb5 12. exf6 Qb6 13. fxg7 Bxg7 14. 0-0 Bb7 15. Re1 Bd5 16. Qe2 Bc4 17. Bxc4 bxc4 18. Qxc4 0-0 19. Qe2 Rfc8 20. Bg5 Re8 21. b3 e5 22. Nh4 Qe6 23. Qe4 Nc5 24. Qf5 f6 25. Bd2 Qxf5 26. Nxf5 Bf8 27. b4 Nd3 28. Reb1 Ra4 29. b5 Kf7 30. Ng3 Ke6 31. Ne4 Nc5 32. f3 f5 33. Ng5+ Kd5 34. Nxh7 Bg7 35. Bh6 Bh8 36. Rc1 e4 37. fxe4+ fxe4 38. Rf1 e3 39. Nf6+ Bxf6 40. Rxf6 Nd3 41. h4 Rb4 42. Rf5+ Ke4 43. Rf3 e2 44. Bd2 Rxb5 45. Rf7 Rb2 46. Be1 Nxe1 47. Rxe1 d3 48. Kf2 Kd5 49. Rd7+ Kc4 50. a4 Rf8+ 51. Ke3 Rf1 52. Rxd3 Rxe1 53. Rd2 Rxd2 54. Kxd2 Rh1 55. Kxe2 Rxh4 56. Kf3 Kd4 57. Kg3 Re4 0-1